[Event "GER-ch U10"]
[Site "Willingen"]
[Date "2016.05.15"]
[Round "2.6"]
[White "Kodalle, Dominik"]
[Black "Lutz, Adam"]
[Result "0-1"]
[WhiteElo "1399"]
[BlackElo "1601"]
[PlyCount "118"]
[EventDate "2016.05.15"]
[EventType "swiss"]
[EventRounds "11"]
[EventCountry "GER"]
[SourceTitle "CBM 172 Extra"]
[Source "ChessBase"]
[SourceDate "2016.06.21"]
[SourceVersion "1"]
[SourceVersionDate "2016.06.21"]
[SourceQuality "1"]

1. c4 e6 2. Nc3 Nf6 3. d4 d5 4. e3 c5 5. Nf3 a6 6. a4 Nc6 7. b3 Be7 8. Be2 0-0 9. 0-0 h6 10. Ba3 cxd4 11. Bxe7 Qxe7 12. exd4 Rd8 13. c5 e5 14. dxe5 Nxe5 15. Nxe5 Qxe5 16. Rc1 d4 17. Nb1 Bf5 18. Re1 Qc7 19. Bf3 Bxb1 20. Rxb1 d3 21. Re3 Qd7 22. Rc1 Rac8 23. Rc3 d2 24. Rc2 Qf5 25. Rxd2 Rxd2 26. Qxd2 Qxc5 27. h3 Rc7 28. Be4 Rd7 29. Qe1 Nxe4 30. Rxe4 Qc2 31. Re8+ Kh7 32. Qe4+ Qxe4 33. Rxe4 Kg6 34. Rb4 Kf5 35. Kf1 Re7 36. f3 Ke5 37. Re4+ Kd6 38. Rxe7 Kxe7 39. Ke2 Ke6 40. Ke3 Ke5 41. f4+ Kd5 42. Kd3 a5 43. Ke3 Kc5 44. Kd3 Kb4 45. Kc2 Kc5 46. Kc3 Kd5 47. Kd3 g5 48. f5 h5 49. g4 hxg4 50. hxg4 f6 51. Ke3 Ke5 52. Kf3 Kd4 53. Ke2 Ke4 54. Kf2 Kf4 55. Kg2 Kxg4 56. Kf2 Kxf5 57. Kf3 g4+ 58. Kg3 b6 59. Kf2 Kf4 0-1

[Event "GER-ch U10"]
[Site "Willingen"]
[Date "2016.05.15"]
[Round "1.6"]
[White "Lutz, Adam"]
[Black "Sinnhoefer, Joshua"]
[Result "1-0"]
[WhiteElo "1601"]
[BlackElo "1308"]
[PlyCount "122"]
[EventDate "2016.05.15"]
[EventType "swiss"]
[EventRounds "11"]
[EventCountry "GER"]
[SourceTitle "CBM 172 Extra"]
[Source "ChessBase"]
[SourceDate "2016.06.21"]
[SourceVersion "1"]
[SourceVersionDate "2016.06.21"]
[SourceQuality "1"]

1. e4 e5 2. Nf3 Nc6 3. d4 exd4 4. Nxd4 Bc5 5. Nb3 Bb6 6. a4 a6 7. Nc3 Nf6 8. Bg5 h6 9. Bh4 g5 10. Bg3 d6 11. Bc4 Be6 12. Bd5 Bxd5 13. exd5 Ne7 14. 0-0 Qd7 15. Qd2 Kd8 16. Rfe1 Nf5 17. Kh1 Ng4 18. Re2 Nxg3+ 19. fxg3 Re8 20. Rae1 Nf2+ 21. Rxf2 Rxe1+ 22. Qxe1 Bxf2 23. Qxf2 Ke8 24. h3 f5 25. Nd4 Kf7 26. Nxf5 Kg6 27. g4 Rh8 28. Qd4 Re8 29. Ne4 Re5 30. Qd3 Qxa4 31. Nfxd6 Qa1+ 32. Kh2 cxd6 33. Nxd6+ Kg7 34. Qd4 Qe1 35. Nc4 Kf6 36. d6 Ke6 37. Qxe5+ Qxe5+ 38. Nxe5 Kxd6 39. Nd3 Kd5 40. Kg3 a5 41. Kf3 Kd4 42. g3 b5 43. h4 b4 44. Ke2 Ke4 45. hxg5 hxg5 46. Nc5+ Kd5 47. Nb3 a4 48. Nc1 Kc4 49. b3+ axb3 50. cxb3+ Kc3 51. Nd3 Kxb3 52. Ke3 Kc3 53. Nxb4 Kxb4 54. Ke4 Kc4 55. Kf5 Kd5 56. Kxg5 Ke6 57. Kh6 Kf7 58. g5 Kg8 59. Kg6 Kf8 60. Kh7 Ke7 61. g6 Ke6 1-0

[Event "GER-chT U10"]
[Site "Magdeburg"]
[Date "2015.12.29"]
[Round "7.2"]
[White "Lutz, Adam"]
[Black "Klonov, Jakov"]
[Result "1-0"]
[WhiteElo "1423"]
[BlackElo "1133"]
[PlyCount "51"]
[EventDate "2015.12.27"]
[EventType "team-swiss"]
[EventRounds "7"]
[EventCountry "GER"]
[SourceTitle "EXT 2017"]
[Source "ChessBase"]
[SourceDate "2016.10.25"]
[SourceVersion "1"]
[SourceVersionDate "2016.10.25"]
[SourceQuality "1"]
[WhiteTeam "Dresden TU"]
[BlackTeam "Muenchen Suedost"]
[WhiteTeamCountry "GER"]
[BlackTeamCountry "GER"]

1. e4 c5 2. Nf3 Nc6 3. d4 cxd4 4. Nxd4 g6 5. Nc3 Bg7 6. Be3 Nf6 7. Bc4 Qa5 8. f3 Qb4 9. Nxc6 bxc6 10. Bb3 d6 11. Qd2 h6 12. 0-0-0 a6 13. e5 Nd7 14. exd6 Bxc3 15. Qxc3 Qxc3 16. bxc3 a5 17. dxe7 Kxe7 18. Rhe1 Kf8 19. Rd6 a4 20. Bc4 c5 21. Bb5 Ke7 22. Bxc5+ Kf8 23. Rxd7+ Kg8 24. Re8+ Kg7 25. Bd4+ Kh7 26. Rxh8# 1-0

[Event "GER-chT U10"]
[Site "Magdeburg"]
[Date "2015.12.27"]
[Round "2.2"]
[White "Lutz, Adam"]
[Black "Raasch, Hauke"]
[Result "1/2-1/2"]
[WhiteElo "1423"]
[BlackElo "1171"]
[PlyCount "32"]
[EventDate "2015.12.27"]
[EventType "team-swiss"]
[EventRounds "7"]
[EventCountry "GER"]
[SourceTitle "EXT 2017"]
[Source "ChessBase"]
[SourceDate "2016.10.25"]
[SourceVersion "1"]
[SourceVersionDate "2016.10.25"]
[SourceQuality "1"]
[WhiteTeam "Dresden TU"]
[BlackTeam "Berlin Eintracht"]
[WhiteTeamCountry "GER"]
[BlackTeamCountry "GER"]

1. e4 d5 2. exd5 Qxd5 3. Nc3 Qa5 4. d4 c6 5. Bd2 Qc7 6. Nf3 Bf5 7. Bc4 e6 8. 0-0 Bd6 9. h3 Nf6 10. Re1 0-0 11. Rc1 Nbd7 12. Qe2 Rfe8 13. Bd3 Bxd3 14. Qxd3 h6 15. Rcd1 Nd5 16. Ne4 Be7 1/2-1/2

[Event "GER-ch U10"]
[Site "Willingen"]
[Date "2015.05.29"]
[Round "9"]
[White "Lutz, Adam"]
[Black "Kurzweil, Nalani"]
[Result "1-0"]
[WhiteElo "1481"]
[BlackElo "1209"]
[PlyCount "109"]
[EventDate "2015.05.24"]
[EventType "swiss"]
[EventRounds "11"]
[EventCountry "GER"]
[SourceTitle "CBM 166 Extra"]
[Source "ChessBase"]
[SourceDate "2015.06.18"]
[SourceVersion "1"]
[SourceVersionDate "2015.06.18"]
[SourceQuality "1"]

1. e4 c5 2. Nf3 d6 3. d4 cxd4 4. Nxd4 Nf6 5. Nc3 a6 6. Be2 e5 7. Nb3 Be6 8. Be3 Be7 9. 0-0 Nbd7 10. f4 b5 11. a3 Bxb3 12. cxb3 Rc8 13. Rc1 h6 14. Bf3 Nc5 15. Kh1 Ne6 16. Bg4 Qd7 17. Qe2 Rb8 18. Rcd1 Qb7 19. Bf5 Nc5 20. Bxc5 dxc5 21. fxe5 Nh7 22. Bd7+ Kf8 23. Qf2 f6 24. exf6 gxf6 25. Qf4 Ng5 26. Nd5 Qxd7 27. Qxb8+ Qd8 28. Qxd8+ Bxd8 29. Nxf6 Bxf6 30. Rxf6+ Kg7 31. Rxa6 Rf8 32. e5 Kf7 33. Rf1+ Ke8 34. Rxf8+ Kxf8 35. Rxh6 Ke7 36. Rb6 Ne4 37. Rxb5 Ke6 38. Rb6+ Kxe5 39. Kg1 Kd4 40. Kf1 Ke3 41. Re6 Kd3 42. Rxe4 Kxe4 43. Ke2 Kd4 44. a4 c4 45. bxc4 Kxc4 46. h4 Kb4 47. h5 Kxa4 48. h6 Kb3 49. h7 Kxb2 50. h8Q+ Kc2 51. Qc8+ Kb2 52. Kd2 Ka2 53. Qb7 Ka3 54. Kc3 Ka2 55. Qb2# 1-0

[Event "GER-ch U10"]
[Site "Willingen"]
[Date "2015.05.25"]
[Round "4"]
[White "Zwecker, Hagen"]
[Black "Lutz, Adam"]
[Result "0-1"]
[WhiteElo "1145"]
[BlackElo "1481"]
[PlyCount "84"]
[EventDate "2015.05.24"]
[EventType "swiss"]
[EventRounds "11"]
[EventCountry "GER"]
[SourceTitle "CBM 166 Extra"]
[Source "ChessBase"]
[SourceDate "2015.06.18"]
[SourceVersion "1"]
[SourceVersionDate "2015.06.18"]
[SourceQuality "1"]

1. e4 c5 2. Nf3 e6 3. d3 d6 4. g3 Nc6 5. Bg2 Nf6 6. 0-0 Be7 7. Nc3 0-0 8. Re1 Qc7 9. b3 a6 10. Bb2 b5 11. Ne2 Bb7 12. Qd2 Rfd8 13. Nf4 Rac8 14. e5 dxe5 15. Nxe5 Nxe5 16. Bxe5 Qb6 17. Bb2 Bxg2 18. Nxg2 c4 19. d4 Nd5 20. Qd1 Bf6 21. Ne3 c3 22. Bc1 Bxd4 23. Nxd5 Bxf2+ 24. Kf1 Rxd5 25. Qe2 Bxe1 26. Qxe1 Rf5+ 27. Kg2 Qc6+ 28. Kg1 Qf3 29. Ba3 h5 30. Rd1 Rg5 31. Rd3 Qg4 32. Bc1 Rg6 33. Qf2 h4 34. Kh1 hxg3 35. hxg3 Rf6 36. Qg2 Qf5 37. Kg1 Qe5 38. Bf4 Qe1+ 39. Kh2 Rf5 40. Qh3 Qe2+ 41. Kg1 Rh5 42. Qg2 Qe1+ 0-1

[Event "GER-ch U10"]
[Site "Willingen"]
[Date "2015.05.24"]
[Round "1"]
[White "Lutz, Adam"]
[Black "Reuter, Elisa"]
[Result "0-1"]
[WhiteElo "1481"]
[BlackElo "1133"]
[PlyCount "110"]
[EventDate "2015.05.24"]
[EventType "swiss"]
[EventRounds "11"]
[EventCountry "GER"]
[SourceTitle "CBM 166 Extra"]
[Source "ChessBase"]
[SourceDate "2015.06.18"]
[SourceVersion "1"]
[SourceVersionDate "2015.06.18"]
[SourceQuality "1"]

1. e4 e5 2. Nf3 Nc6 3. Bc4 Bc5 4. c3 Nf6 5. d4 exd4 6. cxd4 Bb4+ 7. Bd2 Bxd2+ 8. Nbxd2 d5 9. exd5 Nxd5 10. Qb3 Na5 11. Qa4+ c6 12. Bxd5 Qxd5 13. Rc1 Qb5 14. Qa3 b6 15. Ne4 Nb7 16. Ne5 Qa5+ 17. Qxa5 Nxa5 18. b4 Nb7 19. Rxc6 0-0 20. 0-0 f6 21. Nf3 Rd8 22. Rd1 Bf5 23. Ned2 Nd6 24. Nc4 Nxc4 25. Rxc4 Be6 26. Rc2 a5 27. bxa5 Rxa5 28. Rb2 Rd6 29. Rdb1 Rxa2 30. Rxb6 Rxb6 31. Re1 Kf7 32. h3 Rab2 33. Kh2 Rxf2 34. Rc1 Kg6 35. Rc7 Rbb2 36. Nh4+ Kh6 37. Kg3 Rfd2 38. Re7 Rb3+ 39. Nf3 Bd5 40. Kg4 Bxf3+ 41. gxf3 Rxd4+ 42. Kg3 Rdd3 43. Kg2 Rxf3 44. Re2 Rxh3 45. Rd2 Rbg3+ 46. Kf2 Rh2+ 47. Kxg3 Rxd2 48. Kf3 Kg5 49. Ke3 Rd6 50. Ke4 Kg4 51. Ke3 f5 52. Ke2 f4 53. Kf1 Kf3 54. Ke1 g5 55. Kf1 Rd1# 0-1

[Event "GER-chT U10"]
[Site "Magdeburg"]
[Date "2013.12.28"]
[Round "4.3"]
[White "Weber, Kian"]
[Black "Lutz, Adam"]
[Result "0-1"]
[WhiteElo "600"]
[BlackElo "1089"]
[PlyCount "56"]
[EventDate "2013.12.27"]
[EventType "team-swiss"]
[EventRounds "5"]
[EventCountry "GER"]
[SourceTitle "EXT 2015"]
[Source "ChessBase"]
[SourceDate "2014.11.20"]
[SourceVersion "1"]
[SourceVersionDate "2014.11.20"]
[SourceQuality "1"]
[WhiteTeam "Hamburger SK"]
[BlackTeam "Dresden"]
[WhiteTeamCountry "GER"]
[BlackTeamCountry "GER"]

1. e4 c5 2. Nf3 e6 3. Nc3 Nc6 4. d4 cxd4 5. Nxd4 d6 6. Nb3 Nf6 7. f3 Be7 8. Be3 0-0 9. Qd2 a6 10. 0-0-0 b5 11. g4 Bb7 12. Ne2 Ne5 13. Ng3 Nxf3 14. Qg2 Ne5 15. g5 Nfd7 16. h4 Rc8 17. Kb1 h5 18. Nd4 Nc4 19. Bxc4 bxc4 20. c3 Z0 21. b3 a5 22. a4 d5 23. Nde2 Rb8 24. Bd4 Bb4 25. Qf2 Bc6 26. Z0 Bxa4 27. Bxg7 Bxb3 28. Bxf8 Kxf8 0-1

[Event "GER-chT U10"]
[Site "Magdeburg"]
[Date "2013.12.27"]
[Round "2.3"]
[White "Wittig, Marten"]
[Black "Lutz, Adam"]
[Result "0-1"]
[WhiteElo "749"]
[BlackElo "1089"]
[PlyCount "68"]
[EventDate "2013.12.27"]
[EventType "team-swiss"]
[EventRounds "5"]
[EventCountry "GER"]
[SourceTitle "EXT 2015"]
[Source "ChessBase"]
[SourceDate "2014.11.20"]
[SourceVersion "1"]
[SourceVersionDate "2014.11.20"]
[SourceQuality "1"]
[WhiteTeam "Doellnitz"]
[BlackTeam "Dresden"]
[WhiteTeamCountry "GER"]
[BlackTeamCountry "GER"]

1. e4 c5 2. Nc3 e6 3. Nf3 a6 4. Bc4 b5 5. Bd3 Nc6 6. 0-0 Bb7 7. e5 d6 8. Be4 Qc7 9. exd6 Bxd6 10. d4 cxd4 11. Nxd4 Nf6 12. Nxc6 Bxc6 13. Bxc6+ Qxc6 14. Bg5 Be7 15. Qe2 0-0 16. Bxf6 Bxf6 17. Ne4 Be7 18. Rad1 Rac8 19. c3 Rcd8 20. Rxd8 Rxd8 21. Qf3 Qd5 22. h3 h6 23. b3 Bd6 24. Qg4 Qe5 25. f4 Qxe4 26. Qg3 e5 27. fxe5 Bxe5 28. Qf2 f6 29. Re1 Qc6 30. Qe3 b4 31. cxb4 Bd4 32. Kf2 Bxe3+ 33. Rxe3 Rd2+ 34. Ke1 Qc1# 0-1